| 000 | 01253cad a22002175a 4500 | ||
|---|---|---|---|
| 001 | L150078 | ||
| 008 | 100601s2010 xxkd f 000 0 eng d | ||
| 035 | _a(Sirsi) u150078 | ||
| 041 | 0 | _aeng | |
| 050 | 0 | 4 | _a332.6324 $2 18 |
| 110 | 2 |
_aDTZ Research _93886 |
|
| 245 | 0 | 0 |
_aMoney into property global 2010 _brecovery after the storm _h[electronic resource] |
| 260 |
_aLondon _bDTZ Research _c2010 |
||
| 520 | _aProvides a detailed review of year end 2009 investment stock and transaction volumes, an outlook for 2010 and beyond, and an assessment of opportunities in real estate markets worldwide. Global invested stock declined by 3.7% in 2009 but the worst is now over. Global and regional transaction volumes should extend their recoveries into 2010 and 2011 and a 12% increase in global invested stock is expected over the next two years. DTZ's fair value analysis suggests that value has now returned to most property markets worldwide. | ||
| 521 | _aAdvanced | ||
| 590 | _aKA NTK | ||
| 651 | 4 | _aInternational | |
| 690 | _aPROPERTY-COMMERCIAL PROPERTY-COMMERCIAL PROPERTY FINANCE AND INVESTMENT | ||
| 856 | 4 | 0 |
_uhttps://www.dtz.com/Global/Research/Money+into+Property+Global+2010 _zView the report free of charge at www.dtz.com... |
| 942 | _n0 | ||
| 999 |
_c110724 _d110724 |
||